BIBL 120 New Testament survey / (Record no. 7775)

MARC details
000 -LEADER
fixed length control field 00552nam a22001932 4500
001 - CONTROL NUMBER
control field 0000009088
005 - DATE AND TIME OF LATEST TRANSACTION
control field 20151217152048.0
008 - FIXED-LENGTH DATA ELEMENTS--GENERAL INFORMATION
fixed length control field 080901s xx 000 0 eng d
020 ## - INTERNATIONAL STANDARD BOOK NUMBER
Terms of availability Donation
040 ## - CATALOGING SOURCE
Original cataloging agency KABU
Transcribing agency KABU
110 2# - MAIN ENTRY--CORPORATE NAME
Corporate name or jurisdiction name as entry element Kabarak University.
-- 0000159713
245 10 - TITLE STATEMENT
Title BIBL 120 New Testament survey /
Statement of responsibility, etc. Kabarak University.
260 ## - PUBLICATION, DISTRIBUTION, ETC. (IMPRINT)
Place of publication, distribution, etc. Kabarak :
Name of publisher, distributor, etc. KABU,
Date of publication, distribution, etc. [2007]
300 ## - PHYSICAL DESCRIPTION
Extent 107 leaves.
650 #0 - SUBJECT ADDED ENTRY--TOPICAL TERM
Topical term or geographic name as entry element Bible. N. T.
General subdivision Introductions.
-- 0000160089
908 ## - PUT COMMAND PARAMETER (RLIN)
Put command parameter 080901
950 ## - LOCAL HOLDINGS (RLIN)
-- 1
Holdings
Withdrawn status Lost status Source of classification or shelving scheme Not for loan Home library Current library Date acquired Total Checkouts Full call number Barcode Date last seen Price effective from Koha item type
    Library of Congress Classification   Kabarak, Main Campus Kabarak, Main Campus 17/12/2015   BS2330.2 .K33 c. 1 027108 17/12/2015 17/12/2015 General Collection
Designed with assistance from East African Informatics Ltd